000 01231 a2200241 4500
005 20080904141333.0
008 080904t xxu||||| |||| 00| 0 hin d
010 _aHIN-79030
020 _c300.00
_a8187770341
035 _aHN-51377
037 _bD.B.Act / ven
082 _a828
100 _aत्रिपाठी, शैलेन्द्र मणि
245 _aसबद हमारा साँच का
_cशैलेन्द्र मणि त्रिपाठी
246 _aSabad Hamara Sanch ka
_bShailendra Mani Tripathi
260 _aइलाहाबाद
_bअनामिका प्रकाशन
_c2006
260 _aदिल्ली(वितरक) हिन्दी बुक सेन्टर
270 _a52,तुलारामबाग
_bइलाहाबाद
_k0532-2505090, 9415347186
270 _a4/5,अंसारी रोड
300 _c23 सेमी (सजिल्द)
_a223पृ
942 _adpl
_cHN
_k828 / त्रिपाठी
_2ddc
_h828
_mत्रिपाठी
999 _c1144
_d1144